000 00386nam a22001577a 4500
003 NUST
005 20230524120210.0
008 140508b xxu||||| |||| 00| 0 eng d
020 _cAvailable
082 _a530.141
_bREI
245 _aFoundations of Electromagnetic Theory
_cReitz,John R
250 _a3rd ed.
260 _aNew Delhi
_bNarosa
_c1986
300 _a542p
942 _2ddc
_cBK
999 _c24143
_d24143